El centro del Cusco : (Record no. 21959)

000 -CABECERA
fixed length control field 01128nam a22002177a 4500
003 - IDENTIFICADOR DEL NÚMERO DE CONTROL
control field AR-CdUCM
008 - DATOS DE LONGITUD FIJA--INFORMACIÓN GENERAL
fixed length control field 190228b ||||| |||| 00| 0 spa d
040 ## - FUENTE DE LA CATALOGACIÓN
Agencia/entidad que catalogó originalmente la obra MUNICIPALIDAD PROVINCIAL DEL CUSCO
Entidad que transcribió la catalogación BIBLIOTECA MUNICIPAL DEL CUSCO
082 ## - NÚMERO DE LA CLASIFICACIÓN DECIMAL DEWEY
No. de Clasificación 353.77/M10
Notacion interna M10
110 ## - ENTRADA PRINCIPAL--NOMBRE DE ENTIDAD CORPORATIVA
Nombre de la institución, jurisdicción como entrada principal Municipalidad Provincial del Cusco
9 (RLIN) 46994
245 ## - MENCIÓN DE TÍTULO
Título El centro del Cusco :
Resto del título morada de historia y cultura viva /
Mención de responsabilidad Municipalidad Provincial del Cusco, Gerencia de Centro Histórico de Cusco
260 ## - PUBLICACIÓN, DISTRIBUCIÓN, ETC.
Lugar de publicación, distribución, etc. Cusco :
Nombre de la editorial, distribuidor, etc. Municipalidad del Cusco,
-- Dann´ys Graff,
Fecha de publicación, distribución, etc. 2021.
300 ## - DESCRIPCIÓN FÍSICA
Nº de Páginas Extensión 375 páginas. :
Otros detalles físicos Ilustraciones en color ;
Dimensiones 30 cm.
505 ## - NOTA DE CONTENIDO CON FORMATO
Nota de contenido formateada Contenido: Recorriendo por la historia del Cusco. -- Núcleo del centro histórico. -- San Cristóbal. -- Santo Domngo, San Agustín. -- San Blas, Limacpamapa. -- Santa Ana. -- San Pedro. -- Pumacchupan, Avenida Pardo, Tres Cruces. -- Almudena, Santiago, Belen. -- Totorapacha, Mesa redonda, Teteqaqa.
650 ## - PUNTO DE ACCESO ADICIONAL DE MATERIA--TÉRMINO DE MATERIA
Descriptor Cusco centro histórico
9 (RLIN) 6890
650 ## - PUNTO DE ACCESO ADICIONAL DE MATERIA--TÉRMINO DE MATERIA
Descriptor Monumentos históricos
9 (RLIN) 6891
650 ## - PUNTO DE ACCESO ADICIONAL DE MATERIA--TÉRMINO DE MATERIA
Descriptor Barrios del Cusco
9 (RLIN) 46995
650 ## - PUNTO DE ACCESO ADICIONAL DE MATERIA--TÉRMINO DE MATERIA
Descriptor Cusco - Perú
9 (RLIN) 4115
942 ## - ELEMENTOS DE PUNTO DE ACCESO ADICIONAL (KOHA)
Fuente de clasificación
Tipo de item Libros-BMC
945 ## - PROCESAMIENTO DE INFORMACIÓN LOCAL (OCLC)
Catalogador rac
Holdings
Estado de retiro (separado) Fuente de clasificación o esquema de estanterías Estado dañado Ubicación Sala donde se ubica Nombre de la colección Fecha de adquisición o compra Fuente de adquisición Costo, precio normal en soles Signatura topográfica Código de Barras Última vez visto (Koha) Tipo de ítem (Koha)
No     Sala Humanidades Sala Humanidades Book Cart 2022-01-20 Donación 10.00 353.77/M10 SH0000016183 2022-01-20 Libros-BMC
No     Sala Humanidades Sala Humanidades Book Cart 2022-01-20 Donación 10.00 353.77/M10/e.2 SH0000016184 2022-01-20 Libros-BMC

Powered by Koha